[Event "Let's Play Chess!"]
[Site "http://www.queenalice.com/game.php?id=791693"]
[Date "2010.6.18"]
[Round "-"]
[White "nchessm"]
[Black "jamsession"]
[Result "1-0"]
[WhiteElo "2100"]
[BlackElo "1859"]

1. d4 g6 2. Nf3 Bg7 3. e4 c6 4. Nc3 e6 5. Be2 Ne7 6. O-O O-O 7. e5 d6 8. exd6
Qxd6 9. Ne4 Qd8 10. c3 Nd5 11. c4 Nb6 12. b3 f6 13. a4 Qe7 14. Ba3 1-0

[Event "Challenge"]
[Site "http://www.queenalice.com/game.php?id=791731"]
[Date "2010.6.18"]
[Round "-"]
[White "jamsession"]
[Black "Abstro"]
[Result "1-0"]
[WhiteElo "1831"]
[BlackElo "1804"]

1. b3 e5 2. Bb2 Nc6 3. d3 d5 4. e3 Nf6 5. Nf3 Bd6 6. Nbd2 O-O 7. Be2 Bf5 8. O-O
e4 9. dxe4 Nxe4 10. c3 Ne7 11. Nxe4 Bxe4 12. Nd4 Nf5 13. Nxf5 Bxf5 14. Bf3 Be4
15. Be2 Be5 16. f3 Bf5 17. g4 Bd7 18. Qe1 Bd6 19. f4 h6 20. Rd1 c6 21. c4 f5 22.
h3 Qe7 23. Qg3 g5 24. Rde1 Qe4 25. Be5 Bc5 26. Bd1 dxc4 27. bxc4 Qxc4 28. Bb3
1-0

[Event "Challenge"]
[Site "http://www.queenalice.com/game.php?id=791732"]
[Date "2010.6.18"]
[Round "-"]
[White "Abstro"]
[Black "jamsession"]
[Result "0-1"]
[WhiteElo "1747"]
[BlackElo "1855"]

1. d4 d5 2. c4 Nc6 3. Nc3 e6 4. e3 Nf6 5. a3 Be7 6. Nf3 a6 7. c5 O-O 8. Be2 Re8
9. O-O Bf8 10. b4 e5 11. Bb2 e4 12. Nd2 Ne7 13. f3 exf3 14. Bxf3 c6 15. Na4 Be6
16. e4 dxe4 17. Nxe4 Nfd5 18. Re1 Ng6 19. Nec3 Nxc3 20. Bxc3 Qc7 21. Bb2 Rad8
22. Nc3 Ne7 23. Ne4 Nd5 24. Ng5 Bf5 25. Qb3 h6 26. Ne4 Bh7 27. Nc3 Nf4 28. Na4
Rxe1+ 29. Rxe1 Nd3 30. Rd1 Nf4 31. Nb6 Be7 32. d5 cxd5 33. Nxd5 Nxd5 34. Rxd5
Rxd5 35. Qxd5 b5 36. Qa8+ Bd8 37. Qxa6 Qe7 38. Kf2 Bd3 39. Qc6 Bc7 40. h3 Bf4
41. g3 Qe3+ 42. Kg2 Qd2+ 43. Kh1 Qe1+ 0-1

[Event "Challenge"]
[Site "http://www.queenalice.com/game.php?id=803850"]
[Date "2010.7.15"]
[Round "-"]
[White "merlin"]
[Black "jamsession"]
[Result "1-0"]
[WhiteElo "1730"]
[BlackElo "1862"]

1. d4 d5 2. c4 dxc4 3. Nc3 e6 4. e4 Bb4 5. d5 Bxc3+ 6. bxc3 exd5 7. exd5 h6 8.
Bxc4 Nf6 9. Qe2+ Qe7 10. Qxe7+ Kxe7 11. Ne2 Bf5 12. Ba3+ Kd7 13. O-O Ne4 14. f3
Nd2 15. Bb5+ Kd8 16. Rfd1 Nxf3+ 17. gxf3 a6 18. Bd3 Bd7 19. d6 cxd6 20. Bxd6 Nc6
21. Be4 Re8 22. Nd4 Rc8 23. Nxc6+ bxc6 24. Kg2 f5 25. Bd3 Ra8 26. f4 Kc8 27. Bc5
Be6 28. c4 g5 29. Be3 g4 30. Bb6 Re7 31. c5 Rf7 32. Re1 Bd5+ 33. Kg3 Kd7 34. Re3
Re8 35. Rxe8 Kxe8 36. Re1+ Kd7 37. Bxa6 Bxa2 38. Ba5 Re7 39. Bc8+ Ke8 40. Rxe7+
Kxe7 41. Bxf5 1-0

[Event "Let's Play Chess!"]
[Site "http://www.queenalice.com/game.php?id=803870"]
[Date "2010.7.15"]
[Round "-"]
[White "jamsession"]
[Black "elche"]
[Result "1-0"]
[WhiteElo "1867"]
[BlackElo "1713"]

1. e4 c5 2. Nc3 Nc6 3. Be2 e6 4. Nf3 Nf6 5. O-O d6 6. d4 cxd4 7. Nxd4 Be7 8. Nf3
O-O 9. a3 a6 10. Be3 Ng4 11. Bf4 e5 12. Bg3 Be6 13. h3 Nh6 14. Kh2 f5 15. exf5
Nxf5 16. Ne4 Nxg3 17. Nxg3 Bf6 18. c3 d5 19. Ng1 Bh4 20. Qc2 Bxg3+ 21. fxg3 d4
22. Rad1 Rxf1 23. Bxf1 Qb6 24. c4 Na5 25. b4 Nc6 26. c5 Qc7 27. Bd3 g6 28. Nf3
b5 29. Ng5 Qe7 30. Nxe6 Qxe6 31. Rf1 Rf8 32. Rxf8+ Kxf8 33. g4 Kg7 34. g3 Ne7
35. a4 Nc6 36. Qb2 e4 37. Bf1 Qf6 38. Bg2 Qe5 39. axb5 axb5 40. Qe2 d3 41. Qd2
Qd4 42. Qf4 d2 43. Qc7+ Kh6 44. g5+ Kh5 45. Qxh7+ Kxg5 46. Qh4+ Kf5 47. Qg4+ Kf6
48. Bxe4 Qf2+ 49. Bg2 d1=Q 50. Qxd1 Nxb4 51. Qd6+ Kg5 52. h4+ Kh5 53. Qe5+ Qf5
54. Qh8+ Kg4 55. Bh3+ 1-0

[Event "Let's Play Chess!"]
[Site "http://www.queenalice.com/game.php?id=803871"]
[Date "2010.7.15"]
[Round "-"]
[White "elche"]
[Black "jamsession"]
[Result "0-1"]
[WhiteElo "1745"]
[BlackElo "1848"]

1. e4 c5 2. Nc3 d6 3. g3 e5 4. Bg2 Nf6 5. d3 Be7 6. Nge2 Nc6 7. O-O O-O 8. f4
exf4 9. Nxf4 Be6 10. Ncd5 Qd7 11. Nxe6 fxe6 12. Nxe7+ Nxe7 13. Bg5 e5 14. Bxf6
gxf6 15. Qh5 Ng6 16. Bh3 Qe7 17. Bf5 Qf7 18. Bxg6 hxg6 19. Qh4 Kg7 20. Rf2 Qe7
21. Raf1 Rf7 22. c4 Qe6 23. Qh3 Qxh3 0-1

[Event "Let's Play Chess!"]
[Site "http://www.queenalice.com/game.php?id=833872"]
[Date "2010.9.17"]
[Round "-"]
[White "jamsession"]
[Black "plonius"]
[Result "0-1"]
[WhiteElo "1877"]
[BlackElo "2431"]

1. e4 e5 2. Nf3 Nc6 3. Bb5 Nf6 4. O-O Nxe4 5. d3 Nd6 6. Bxc6 dxc6 7. Nxe5 Be7 8.
Nc3 O-O 9. Bd2 Be6 10. b3 f6 11. Nf3 Qd7 12. Ne2 Rfe8 13. Ng3 Nf5 14. Bc3 Nxg3
15. fxg3 Bc5+ 16. Kh1 Bg4 17. Bd2 Bd4 18. Rb1 Qd5 19. Be1 Re7 20. c3 Be3 21. c4
Qd6 22. Qc2 Rae8 23. h3 Bxf3 24. gxf3 Bd4 25. f4 Re2 26. Qd1 c5 27. a3 Qc6+ 0-1

[Event "AUTO-INT-1621"]
[Site "http://www.queenalice.com/game.php?id=834384"]
[Date "2010.9.18"]
[Round "2"]
[White "jamsession"]
[Black "Thanasis"]
[Result "0-1"]
[WhiteElo "1861"]
[BlackElo "1956"]

1. e4 c5 2. Nc3 d6 3. d4 cxd4 4. Qxd4 Nc6 5. Qd1 Nf6 6. a3 Bg4 7. f3 Bh5 8. Nge2
e5 9. Ng3 Bg6 10. Bb5 a6 11. Bc4 b5 12. Bb3 Be7 13. Nd5 O-O 14. Nxf6+ Bxf6 15.
Bd5 Rc8 16. c3 a5 17. O-O Qb6+ 18. Kh1 a4 19. Qe2 Na5 20. Be3 Qb8 21. Qf2 Bh4
22. Qe1 Nc4 23. Bxc4 Rxc4 24. Bf2 Bd8 25. Qd2 f6 26. Ne2 Bf7 27. Nc1 Ba5 28. Nd3
Rd8 29. Nb4 Bxb4 30. axb4 Rc6 31. Be3 Bc4 32. Rfe1 Ra6 33. Qf2 Qb7 34. h4 Rda8
35. Bc1 Rd8 36. h5 d5 37. exd5 Bxd5 38. Qg3 Bf7 39. h6 g6 40. Be3 Rd5 41. Qf2
Ra8 42. g4 Ra6 43. Kh2 Rad6 44. Rg1 g5 45. Rh1 Qd7 46. Kg3 Bg6 47. Rac1 e4 48.
f4 Rd2 49. Qf1 R6d3 0-1

[Event "AUTO-INT-1621"]
[Site "http://www.queenalice.com/game.php?id=834385"]
[Date "2010.9.18"]
[Round "2"]
[White "Thanasis"]
[Black "jamsession"]
[Result "1-0"]
[WhiteElo "1918"]
[BlackElo "1877"]

1. d4 g6 2. e4 d6 3. Nf3 Bg7 4. Nc3 Bd7 5. Bd3 c6 6. Be3 e6 7. Rb1 b6 8. b4 Ne7
9. a4 O-O 10. Qd2 Be8 11. b5 f5 12. e5 dxe5 13. Nxe5 Bxe5 14. dxe5 c5 15. O-O
Nd7 16. Bc4 Kf7 17. Qd6 1-0

[Event "Let's Play Chess!"]
[Site "http://www.queenalice.com/game.php?id=842441"]
[Date "2010.10.6"]
[Round "-"]
[White "igorjava"]
[Black "jamsession"]
[Result "0-1"]
[WhiteElo "1792"]
[BlackElo "1873"]

1. e4 c5 2. Nf3 a6 3. d4 cxd4 4. Nxd4 Nc6 5. a3 Nxd4 6. Qxd4 d6 7. Be2 e5 8. Qd1
h6 9. O-O Be7 10. f4 Qc7 11. Nc3 Bd7 12. f5 Nf6 13. Kh1 O-O 14. Qe1 Bc6 15. Bd3
d5 16. Bd2 d4 17. Nd1 b5 18. b4 Qb7 19. Nf2 Rac8 20. Rc1 Nh7 21. Qe2 Bg5 22. c3
Bxd2 23. Qxd2 dxc3 24. Rxc3 f6 25. h4 Rfd8 26. Qe2 Nf8 27. Rfc1 Nd7 28. Bb1 Nb8
29. Qh5 Be8 30. Qe2 Rxc3 31. Rxc3 Qb6 32. Ba2+ Kh8 33. Bd5 a5 34. Qc2 Kh7 35.
Kh2 axb4 36. axb4 Qd4 37. Qb3 Qxf2 38. Kh3 Qb6 39. Rg3 Rd7 40. Be6 Re7 41. Qd3
Nc6 42. Qd6 Qb7 43. Qc5 Nd4 44. Bd5 Qa7 45. Qd6 Qc7 46. Qa6 Ne2 47. Re3 Nf4+ 48.
Kh2 Qa7 49. Qxa7 Rxa7 50. Re1 Nd3 51. Rb1 Ra4 0-1

[Event "Let's Play Chess!"]
[Site "http://www.queenalice.com/game.php?id=842595"]
[Date "2010.10.6"]
[Round "-"]
[White "ClivetheBeard"]
[Black "jamsession"]
[Result "1-0"]
[WhiteElo "2361"]
[BlackElo "1859"]

1. d4 c5 2. e4 cxd4 3. c3 dxc3 4. Nxc3 a6 5. Bc4 e6 6. Nf3 Qc7 7. Qe2 Bb4 8. O-O
Bxc3 9. bxc3 Nc6 10. Ba3 Nge7 11. Bb3 O-O 12. Rfd1 Rd8 13. Bd6 Qb6 14. c4 Ng6
15. c5 Qa5 16. Rac1 b5 17. Ng5 h6 18. Nxf7 Kxf7 19. Qh5 Re8 20. Qf5+ 1-0

[Event "Let's Play Chess!"]
[Site "http://www.queenalice.com/game.php?id=842596"]
[Date "2010.10.6"]
[Round "-"]
[White "jamsession"]
[Black "lafasouza"]
[Result "1-0"]
[WhiteElo "1856"]
[BlackElo "1700"]

1. Nf3 d5 2. d4 Nc6 3. h3 Nf6 4. Nc3 e6 5. e3 h6 6. a3 g5 7. Be2 Ne4 8. Nxe4
dxe4 9. Nd2 Qd5 10. c4 Qf5 11. Nb3 Bd7 12. Bd2 Rg8 13. Bg4 Qh7 14. Qc2 O-O-O 15.
Be2 Kb8 16. c5 e5 17. Bg4 Bxg4 18. hxg4 exd4 19. exd4 Nxd4 20. Nxd4 Rxd4 21. Be3
Rd8 22. Ke2 Qg6 23. Rad1 Be7 24. b4 Rxd1 25. Rxd1 Qa6+ 26. Ke1 Qe6 27. c6 b6 28.
Rd7 Rd8 29. Rxd8+ Bxd8 30. Qd1 Qd6 31. Qxd6 cxd6 32. b5 Bf6 33. f3 Bc3+ 34. Kd1
exf3 35. gxf3 Ba5 36. Bd4 Kc7 37. Ke2 a6 38. a4 axb5 39. axb5 Bb4 40. Kd3 d5 41.
Bg7 Be7 42. Kd4 Kd6 43. Be5+ Ke6 44. c7 Kd7 45. Kxd5 Kc8 46. Kc6 f6 47. Bd4 f5
48. Kxb6 Bd6 49. Kc6 Bxc7 50. Bg7 fxg4 51. fxg4 h5 52. gxh5 g4 53. h6 g3 54. Bd4
g2 55. h7 g1=Q 56. h8=Q+ Bd8 57. Bxg1 1-0

[Event "Let's Play Chess!"]
[Site "http://www.queenalice.com/game.php?id=844703"]
[Date "2010.10.12"]
[Round "-"]
[White "jamsession"]
[Black "cazzo"]
[Result "0-1"]
[WhiteElo "1863"]
[BlackElo "2263"]

1. e4 e6 2. d4 d5 3. exd5 exd5 4. Be2 Nf6 5. Nf3 Bd6 6. O-O O-O 7. Bg5 Bf5 8.
Nc3 c6 9. Re1 h6 10. Bc1 Re8 11. h3 Nbd7 12. Be3 Qc7 13. a3 Rad8 14. Bf1 Bh7 15.
Qd2 Ne4 16. Nxe4 dxe4 17. Nh4 Be7 18. Bxh6 Bxh4 19. Bf4 Qb6 20. g3 Bf6 21. c3 c5
22. d5 Qb3 23. Rac1 Ne5 0-1

[Event "Let's Play Chess!"]
[Site "http://www.queenalice.com/game.php?id=844704"]
[Date "2010.10.12"]
[Round "-"]
[White "cazzo"]
[Black "jamsession"]
[Result "1-0"]
[WhiteElo "2264"]
[BlackElo "1861"]

1. d4 d5 2. c4 dxc4 3. Nc3 e6 4. Nf3 c6 5. a4 Be7 6. e4 Nf6 7. Bxc4 Nbd7 8. O-O
O-O 9. Qc2 Nb6 10. Bd3 g6 11. a5 Nbd7 12. Bh6 Re8 13. h3 Bf8 14. Bf4 Nh5 15. Bg5
f6 16. Be3 Ng7 17. Ne2 Nb8 18. Rfc1 Bd6 19. e5 Bc7 20. a6 b6 21. Be4 Bd7 22.
exf6 Qxf6 23. b4 b5 24. Nc3 Bd6 25. Nxb5 Bxb4 26. Nc7 1-0

[Event "Let's Play Chess!"]
[Site "http://www.queenalice.com/game.php?id=854224"]
[Date "2010.11.3"]
[Round "-"]
[White "jamsession"]
[Black "arkadiusz42"]
[Result "1-0"]
[WhiteElo "1849"]
[BlackElo "1622"]

1. b3 e5 2. Bb2 Qf6 3. e4 Bc5 4. Nf3 d6 5. Be2 Qg6 6. O-O Bh3 7. Nh4 Qg5 8. Bf3
Nc6 9. Nf5 g6 10. Ng3 h5 11. Kh1 h4 12. gxh3 Nd4 13. Bxd4 Bxd4 14. c3 hxg3 15.
fxg3 Rxh3 16. Kg2 Qh6 17. Rh1 O-O-O 18. cxd4 d5 19. exd5 c6 20. Bg4+ f5 21. Bxh3
g5 22. Bxf5+ Kb8 23. dxe5 Rxd5 24. Re1 Ne7 25. Be4 Rxe5 26. d4 Re6 27. Nc3 b5
28. Qg4 Qf6 29. Bf3 Rxe1 30. Rxe1 Nc8 31. Re5 Qd6 32. Rc5 Qg6 33. Be4 Qd6 34.
Bxc6 a6 35. Be8 Ne7 36. b4 Qd8 37. Bd7 Ng8 38. Rc8+ 1-0

[Event "BART vs JAM"]
[Site "http://www.queenalice.com/game.php?id=877421"]
[Date "2010.12.27"]
[Round "-"]
[White "bartataca"]
[Black "jamsession"]
[Result "0-1"]
[WhiteElo "1646"]
[BlackElo "1866"]

1. d4 d5 2. Bf4 Nc6 3. e3 a6 4. a3 e5 5. Bxe5 f6 6. Bg3 Nh6 7. h3 Bd6 8. Bxd6
Qxd6 9. Bd3 Be6 10. Nf3 Qd7 11. O-O O-O 12. Nc3 Ne7 13. Nh4 b6 14. Qe2 a5 15.
Na4 Rab8 16. Qf3 Qxa4 0-1

[Event "Let's Play Chess!"]
[Site "http://www.queenalice.com/game.php?id=930059"]
[Date "2011.4.26"]
[Round "-"]
[White "jamsession"]
[Black "tucuman"]
[Result "1/2-1/2"]
[WhiteElo "1895"]
[BlackElo "1665"]

1. e4 e5 2. Nf3 d6 3. h3 h6 4. d4 Nc6 5. d5 Nce7 6. Bd3 a6 7. c4 c5 8. O-O Nf6
9. Bd2 Bd7 10. Qc1 Ng6 11. a4 Be7 12. Re1 O-O 13. Nh2 a5 14. b3 b6 15. Nc3 Nh5
16. Bf1 Nhf4 17. Bxf4 Nxf4 18. Qc2 Qc8 19. Ne2 Nxe2+ 20. Qxe2 Bg5 21. Nf3 Qd8
22. g3 Be7 23. Ra2 f5 24. Kh2 f4 25. g4 Bh4 26. Bg2 g5 27. Nxh4 gxh4 28. Bf3 Qg5
29. Rg1 Kh7 30. Rb2 1/2-1/2